Animaux de la savane par poids - Statistiques

Statistiques générales
  • Ce quiz a été pris 207 fois
  • Le résultat moyen est 4 sur 15
Statistiques - réponses
Hint Réponse % Correct
Éléphant d'Afrique 5 500 kg
74%
Serpentaire 3,5 kg
47%
Hippopotame 2 000 kg
46%
Léopard 75 kg
35%
Guépard 55 kg
33%
Lycaon 25 kg
31%
Rhinocéros noir de l'est 1 100 kg
25%
Buffle africain 800 kg
24%
Phacochère 110 kg
21%
Girafe 1 250 kg
17%
Zèbre de plaine 400 kg
16%
Crocodile du Nil 650 kg
15%
Lion africain 190 kg
12%
Marabout d'Afrique 6,5 kg
12%
Gnou bleu 220 kg
6%
Aucun quiz correspondant
Distribution des résultats
% des personnes avec chaque résultat
Percentile par nombre de réponses
Votre historique - résultats
Vous n’avez pas pris ce quiz